Представление документа в формате RUSMARC

ПолеНазваниеЗначение
  Тип записи a
  Библиографический уровень m
001 Контрольный номер RU/IS/BASE/508591802
005 Дата корректировки 20240209174624.3
010 Индекс ISBN __
a ISBN
b Уточнения в пер.
d Цена 66 р. 31 к.
100 Данные общей обработки __
a Данные общей обработки 20150121d2015 ||| 0rusy0189 ca
101 Язык документа 0_
a Язык текста rus
102 Страна публикации __
a Страна публикации RU
105 Кодированные данные (монография) __
a Кодированные данные (монография) y###||||000|y
200 Заглавие и сведения об ответственности 1_
a Заглавие История мировой экономики
b Общее обозначение материала Текст
e Сведения, относящиеся к заглавию конспект лекций
f Первые сведения об ответственности М. З. Бор
205 Сведения об издании __
a Основные сведения об издании 2-е изд., перераб. и доп.
210 Выходные данные 1_
a Место издания Москва
c Издательство Дело и Сервис
d Дата издания 2000
215 Физическое описание __
a Объем 494 с.
300 Общие примечания __
a Общие примечания Ограничения по возрасту - 16+
300 Общие примечания __
a Общие примечания Под инв. номером 70552 : Ц-1, 6-1, 22-1, 30-1
606 Тематические рубрики 0_
a Основная рубрика Мировая экономика
610 Ключевые слова 0_
a Ключевые слова экономика
a Ключевые слова экономика международная
a Ключевые слова мировая экономика
a Ключевые слова конспекты лекций
a Ключевые слова история мировой экономики
686 Индексы других классификаций __
a Классификационный индекс 65.5
2 Код системы ББК
700 Автор _0
a Фамилия Бор
b Имя (инициалы) М. З.
801 Источник записи _0
a Страна RU
b Организация МБУК ЦБС г. Ульяновска
c Дата составления 20150121
g Правила каталогизации RCR
801 Источник записи _1
a Страна RU
b Организация МБУК ЦБС г. Ульяновска
c Дата составления 20150121
g Правила каталогизации RCR
899 Данные о местонахождении __
i Авторский знак Б 82
j Расстановочный фильтр 65.5
901 Тип документа __
t Тип документа m
910 Корректоры записи __
a Корректор записи Егорова